The vanguard artist / (Record no. 22673)

000 -LEADER
fixed length control field 00991cam a2200289 i 4500
001 - CONTROL NUMBER
control field 2753213
005 - DATE AND TIME OF LATEST TRANSACTION
control field 20170124145800.0
008 - FIXED-LENGTH DATA ELEMENTS--GENERAL INFORMATION
fixed length control field 790726r1979 nyu b 001 0 eng
010 ## - LIBRARY OF CONGRESS CONTROL NUMBER
LC control number 79007017
020 ## - INTERNATIONAL STANDARD BOOK NUMBER
International Standard Book Number 0405121172 :
Terms of availability $25.00
040 ## - CATALOGING SOURCE
Original cataloging agency DLC
Transcribing agency DLC
Modifying agency DLC
043 ## - GEOGRAPHIC AREA CODE
Geographic area code n-us---
-- n-us-ny
050 10 - LIBRARY OF CONGRESS CALL NUMBER
Classification number N6512.5.N4
Item number R67 1979
100 1# - MAIN ENTRY--PERSONAL NAME
Personal name Rosenberg, Bernard,
Dates associated with a name 1923-
245 14 - TITLE STATEMENT
Title The vanguard artist /
Statement of responsibility, etc. Bernard Rosenberg and Norris Fliegel.
260 ## - PUBLICATION, DISTRIBUTION, ETC. (IMPRINT)
Place of publication, distribution, etc. New York :
Name of publisher, distributor, etc. Arno Press,
Date of publication, distribution, etc. 1979, c1965.
300 ## - PHYSICAL DESCRIPTION
Extent xi, 366 p. ;
Dimensions 22 cm.
440 #0 - SERIES STATEMENT/ADDED ENTRY--TITLE
Title Perennial works in sociology
500 ## - GENERAL NOTE
General note Reprint of the ed. published by Quadrangle Books, Chicago.
504 ## - BIBLIOGRAPHY, ETC. NOTE
Bibliography, etc Includes bibliographical references and index.
650 #0 - SUBJECT ADDED ENTRY--TOPICAL TERM
Topical term or geographic name as entry element New York school of art.
650 #0 - SUBJECT ADDED ENTRY--TOPICAL TERM
Topical term or geographic name as entry element Art and society
Geographic subdivision United States.
650 #0 - SUBJECT ADDED ENTRY--TOPICAL TERM
Topical term or geographic name as entry element Artists
Geographic subdivision United States
General subdivision Psychology.
700 1# - ADDED ENTRY--PERSONAL NAME
Personal name Fliegel, Norris,
Relator term joint author.
906 ## - LOCAL DATA ELEMENT F, LDF (RLIN)
a 7
b cbc
c orignew
d 1
e ocip
f 19
g y-gencatlg
942 ## - ADDED ENTRY ELEMENTS (KOHA)
Source of classification or shelving scheme
Koha item type Hard Covered Materials
Classification part N 6512 ,R67 1965
Holdings
Withdrawn status Lost status Source of classification or shelving scheme Damaged status Not for loan Home library Current library Shelving location Date acquired Source of acquisition Total Checkouts Full call number Barcode Date last seen Price effective from Koha item type
          MACHAKOS UNIVERSITY LIBRARY MACHAKOS UNIVERSITY LIBRARY Technical section 24/01/2017 Donation (B.F.A)   N 6512 ,R67 1965 31125 28/06/2018 24/01/2017 Hard Covered Materials
© Machakos University Library, Along The Highway, Machakos Wote Rd, Machakos, Kenya P.O. Box 136 - 90100 Machakos - Kenya

Tel: ( +254 ) 723 805829 OR Fax : 044-20353 OR Email: library@mksu.ac.ke